Red Dead Redemption 2 Animals - Statistics

General Stats
  • This quiz has been taken 124 times
  • The average score is 29 of 160
Answer Stats
Animals % Correct
American Alligator
73%
Whitetail Deer
73%
American Black Bear
72%
Grizzly Bear
71%
Cougar
55%
Black-Tailed Jackrabbit
45%
Gray Wolf
44%
Merino Sheep
44%
American Bison
42%
Wild Boar
40%
Bald Eagle
38%
American Crow
36%
American Domestic Cat
36%
American Red Fox
36%
North American Beaver
36%
Panther
36%
Whitetail Buck
36%
Blue Jay
35%
Western Raven
35%
American Badger
34%
Nine-Banded Armadillo
34%
California Valley Coyote
31%
American Red Squirrel
30%
Alligator Snapping Turtle
29%
Black Squirrel
28%
Northern Cardinal
27%
Standard Donkey
27%
Alpine Goat
26%
American Bullfrog
26%
American Robin
26%
Brown Rat
26%
Silver Fox
26%
Banded Gila Monster
24%
Black Rat
24%
North American Raccoon
24%
Striped Skunk
24%
Timber Wolf
24%
Western Gray Squirrel
24%
American Gray Fox
23%
Mule
23%
American Muskrat
22%
Florida Cracker Cow
22%
Golden Eagle
22%
Mallard Duck
21%
Rocky Mountain Bull Elk
21%
Scarlet Macaw
21%
Virginia Opossum
21%
Diamondback Rattlesnake
20%
Big China Pig
19%
Canada Goose
19%
Florida Panther
19%
Green Iguana
19%
Red-Tailed Hawk
19%
Western Bull Moose
19%
Labrador Retriever
17%
Rocky Mountain Cow Elk
17%
Roseate Spoonbill
17%
Carolina Parakeet
16%
Cuban Land Crab
16%
Great Blue Heron
16%
Leghorn Chicken
16%
Little Brown Bat
16%
Western Chipmunk
16%
Western Moose
16%
California Condor
15%
Collared Peccary
15%
Common Loon
15%
Desert Iguana
15%
Dominique Chicken
15%
Eastern Wild Turkey
15%
Great Green Macaw
15%
Little Egret
15%
Pekin Duck
15%
Poodle
15%
Reddish Egret
15%
Snowy Egret
15%
American Pronghorn Buck
14%
American Pronghorn Doe
14%
Angus Bull
14%
Baltimore Oriole
14%
Blue and Yellow Macaw
14%
Fer-de-Lance Snake
14%
Hereford Bull
14%
Java Chicken
14%
Western Toad
14%
Western Turkey Vulture
14%
American White Pelican
13%
Angus Ox
13%
Australian Shepherd
13%
Bloodhound
13%
Brown Pelican
13%
Cedar Waxwing
13%
Eastern Turkey Vulture
13%
Eurasian Tree Sparrow
13%
Java Rooster
13%
Leghorn Rooster
13%
Midland Water Snake
13%
Rainbow Boa Snake
13%
Red-Footed Booby
13%
Rocky Mountain Bighorn Ram
13%
Sierra Nevada Bighorn Ram
13%
American Tree Sparrow
12%
Bluetick Coonhound
12%
Border Collie
12%
California Quail
12%
Desert Bighorn Ram
12%
Devon Bull
12%
Great Horned Owl
12%
Mutt
12%
Siberian Husky
12%
American Fox Hound
10%
Cottonmouth Snake
10%
Desert Bighorn Sheep
10%
Devon Ox
10%
Dominique Rooster
10%
Northern Copperhead Snake
10%
Ring-Necked Pheasant
10%
Rocky Mountain Bighorn Sheep
10%
Scarlet Tanager Songbird
10%
Sonoran Pronghorn Buck
10%
Sonoran Pronghorn Doe
10%
Timber Rattlesnake
10%
Tricolored Heron
10%
Chinese Ring-Necked Pheasant
9%
Ferruginous Hawk
9%
Hooded Oriole
9%
Pacific Loon
9%
Rock Pigeon
9%
Sierra Nevada Bighorn Sheep
9%
Sonoran Desert Toad
9%
Southern Copperhead Snake
9%
Western Tanager Songbird
9%
Baja California Pronghorn Buck
8%
Baja California Pronghorn Doe
8%
Berkshire Pig
8%
Greater Prairie Chicken
8%
Herring Gull
8%
Northern Water Snake
8%
Pileated Woodpecker
8%
Red-Bellied Woodpecker
8%
Red Swamp Crayfish
8%
Ring Billed Gull
8%
Rough-Legged Hawk
8%
Sandhill Crane
8%
Sunglow Boa Snake
8%
Whooping Crane
8%
Band-Tailed Pigeon
7%
Black-Tailed Rattlesnake
7%
Coastal Horned Owl
7%
Laughing Gull
7%
Red Boa Snake
7%
Rio Grande Wild Turkey
7%
Yellow Billed Loon
7%
Catahoula Cur
6%
Chesapeake Bay Retriever
6%
Double-Crested Cormorant
6%
Neotropic Cormorant
6%
Californian Horned Owl
5%
Golden-Crowned Sparrow
5%
Old Spot Pig
5%
No matching quizzes found
Score Distribution
Percent of People with Each Score
Percentile by Number Answered
Your Score History
You have not taken this quiz